000 00853nmm a2200301 a 4500
003 AR-BaBNM
005 20251128204726.0
008 296019s1987 ||||||||||||||000 | spa||
020 _a84-7665-197-X
040 _cAR-BaBNM
100 1 _aMascort, Ernest
245 1 0 _aTecnología educativa
_bteoría y técnicas básicas
250 _a1ª ed.
260 _aBarcelona
_bPPU
_c1987
300 0 _a151 p.
_bgráfs.
500 0 _aPPU: PROMOCIONES Y PUBLICACIONES UNIVERSITARIAS
504 _aBibliografía: p. 149-151
650 4 _aTECNICAS DE ENSENANZA
650 4 _aMETODOS DE ENSENANZA
650 4 _aENSENANZA AUDIOVISUAL
650 4 _aENSENANZA INDIVIDUALIZADA
650 4 _aENSENANZA PROGRAMADA
650 4 _aENSENANZA POR TELEVISION
650 4 _aRADIO EDUCATIVA
650 4 _aTECNOLOGIA EDUCATIVA
942 _cBK
998 _cSILVI
999 _c8574
_d8574